00225 a2200109 4500001000700000020000600007040001100013100002700024240003000051245002500081362000900106162629 a  cMagnum aSouza, Sergio Jeremias10aMeu amiguinho drumpslpor10aMeu amiguinho drumps0 a1899